[Event "Oberliga Sued W 1819"]
[Site "Germany"]
[Date "2018.12.16"]
[Round "4.7"]
[White "Gerhard, Hans"]
[Black "Tabatt, Hendrik"]
[Result "0-1"]
[WhiteElo "1917"]
[BlackElo "2334"]
[PlyCount "64"]
[EventDate "2018.10.21"]
[EventType "team-tourn"]
[EventRounds "9"]
[EventCountry "GER"]
[SourceTitle "EXT 2020"]
[Source "ChessBase"]
[SourceDate "2019.10.17"]
[SourceVersion "1"]
[SourceVersionDate "2019.10.17"]
[SourceQuality "1"]
[WhiteTeam "Saarbruecken Gambit"]
[BlackTeam "Schwarzenbach Caissa"]
[WhiteTeamCountry "GER"]
[BlackTeamCountry "GER"]

1. e4 c5 2. b4 d6 3. bxc5 Nf6 4. Nc3 dxc5 5. Bc4 Nc6 6. Nge2 e6 7. 0-0 Na5 8. Bb5+ Bd7 9. e5 Bxb5 10. exf6 Bc6 11. fxg7 Bxg7 12. Rb1 Qh4 13. Nb5 Rg8 14. Ng3 Nc4 15. d4 Bxd4 16. Nxd4 cxd4 17. Qe2 Nb6 18. Qe5 Rd8 19. f3 Nc4 20. Qc5 Ne3 21. Bxe3 dxe3 22. Ne4 Bxe4 23. fxe4 Qxe4 24. g3 e2 25. Qb5+ Rd7 26. Rfe1 Qe3+ 27. Kg2 Rg5 28. Qa4 Rf5 29. Qg4 Rf2+ 30. Kh1 b6 31. Qg8+ Ke7 32. Qxh7 Qf3+ 0-1

[Event "Oberliga Sued W 1718"]
[Site "Germany"]
[Date "2018.01.21"]
[Round "7.8"]
[White "Martin, Mike"]
[Black "Gerhard, Hans"]
[Result "1/2-1/2"]
[WhiteElo "2132"]
[BlackElo "1909"]
[PlyCount "111"]
[EventDate "2017.09.10"]
[EventType "team-tourn"]
[EventRounds "11"]
[EventCountry "GER"]
[SourceTitle "EXT 2019"]
[Source "ChessBase"]
[SourceDate "2018.10.10"]
[SourceVersion "1"]
[SourceVersionDate "2018.10.10"]
[SourceQuality "1"]
[WhiteTeam "Worms"]
[BlackTeam "Saarbruecken Gambit"]
[WhiteTeamCountry "GER"]
[BlackTeamCountry "GER"]

1. e4 g6 2. d4 Bg7 3. Be3 d6 4. Qd2 Nd7 5. Bc4 c6 6. Nf3 e6 7. Nc3 b5 8. Bd3 b4 9. Ne2 a5 10. a3 Rb8 11. axb4 axb4 12. 0-0 c5 13. e5 dxe5 14. dxc5 Qc7 15. Rfd1 Ngf6 16. Ng3 0-0 17. Ra4 Nxc5 18. Rxb4 Rxb4 19. Qxb4 Nxd3 20. cxd3 Nd5 21. Qc4 Qa5 22. b4 Qa4 23. Rb1 Bb7 24. Bc5 Rc8 25. Ne4 Nb6 26. Qb3 Bd5 27. Qb2 Nd7 28. Ra1 Qb3 29. Qxb3 Bxb3 30. Be3 f5 31. Nc5 Nxc5 32. Bxc5 Bc2 33. d4 exd4 34. Bxd4 Rb8 35. h3 Be4 36. Ra7 Bxd4 37. Nxd4 e5 38. Ne6 Rxb4 39. Rg7+ Kh8 40. Re7 Rb8 41. Ng5 Rb7 42. Nf7+ Kg7 43. Rxb7 Bxb7 44. Nxe5 h6 45. f4 g5 46. g3 gxf4 47. gxf4 Be4 48. Kf2 Bb7 49. Ke3 Bg2 50. h4 Be4 51. Kd4 Kf6 52. Kc5 Ke6 53. Kb6 Kd5 54. Kc7 Kd4 55. Kd6 Ke3 56. Nf7 1/2-1/2

[Event "Oberliga Sued W 1617"]
[Site "Germany"]
[Date "2017.03.19"]
[Round "8.8"]
[White "Gerhard, Hans"]
[Black "Peiter, Andre"]
[Result "1-0"]
[WhiteElo "1904"]
[BlackElo "2076"]
[PlyCount "67"]
[EventDate "2016.09.25"]
[EventType "team-tourn"]
[EventRounds "9"]
[EventCountry "GER"]
[SourceTitle "EXT 2018"]
[Source "ChessBase"]
[SourceDate "2017.10.13"]
[SourceVersion "1"]
[SourceVersionDate "2017.10.13"]
[SourceQuality "1"]
[WhiteTeam "Saarbruecken Gambit"]
[BlackTeam "Koblenz"]
[WhiteTeamCountry "GER"]
[BlackTeamCountry "GER"]

1. Nf3 d6 2. g3 Bg4 3. Bg2 Nf6 4. c4 c5 5. d4 Nc6 6. e3 g6 7. b3 cxd4 8. exd4 Bg7 9. Bb2 d5 10. 0-0 0-0 11. Na3 Qd7 12. Re1 Rad8 13. Nc2 Rfe8 14. Rb1 dxc4 15. bxc4 Qc8 16. Qc1 b6 17. d5 Na5 18. Ne3 Bh3 19. Ne5 Bxg2 20. Nxg2 Qa6 21. Qf4 Rf8 22. g4 Ne8 23. Ne3 Nd6 24. g5 f6 25. gxf6 exf6 26. Nc6 Nxc6 27. dxc6 Rfe8 28. Nd5 Nf5 29. Bxf6 Rc8 30. Bxg7 Kxg7 31. Rxe8 Rxe8 32. Qc7+ Kh6 33. Nf6 Qxa2 34. Qf4+ 1-0